| 000 | 00660nam a22002057a 4500 | ||
|---|---|---|---|
| 999 |
_c10219 _d10219 |
||
| 003 | AR-CdUCM | ||
| 008 | 190329b ||||| |||| 00| 0 spa d | ||
| 020 | _a978-612-4039-56-0 | ||
| 040 |
_aMUNICIPALIDAD PROVINCIAL DEL CUSCO _cBIBLIOTECA MUNICIPAL DEL CUSCO |
||
| 082 |
_aSI-0157 / _bMEJ / jos |
||
| 100 |
_aMejía, José Luis _926887 |
||
| 245 | _aJosefa y ¿quién dijo miedo? / | ||
| 260 |
_aPerú : _bSantillana, _c2015. |
||
| 300 |
_a35 páginas ; _bIlustraciones. _c22.5 cm |
||
| 650 |
_aLiteratura infantil _9588 |
||
| 650 |
_aSiglo XXI _92856 |
||
| 700 |
_aCastro, Ximena (ilustraciones) _926937 |
||
| 942 |
_2ddc _cLIBROS |
||
| 945 |
_apjha _d2019-05-14 |
||